000 nam a22 a 4500
999 _c125891
_d125891
003 BLK
005 20220322095616.0
008 180409b bul|||||r ||||||| ||bul||
010 _aKNG00131570000
040 _aBLK
041 _aBUL
_cBUL
080 _aЛитература на монголски езици
_b821.512.3
_x-32
_z821.512.3-32
100 1 _aБатулга, З.
_eпърви автор
_937066
139 _aБатулга, З.
_bБ 28
245 1 0 _aЗад черната завеса
_bПовест
_cЗ. Батулга; прев. от рус. М. Минева; послесл. от С. Гутерман
257 _aMON
260 _aСофия
_bНар. култура
_c1963
300 _a188 с.
_c22 см
380 _aX
700 1 _aМинева, М.
_eпрев. от рус.
_9319716
700 1 _aГутерман, С.
_eпослесл. от
_957267
852 _aЦб 27630
856 4 _qpdf
856 4 _qpdf
942 _cKNG
_n0
_s1
944 _aCR
_c23.06.2012
_l23.06.2012 - от С1,Р / 23.06.2012
_kКети_Илиева
944 _aED
_c2022-03-22
_l2022-03-22